Littérature comparée, 2ème licence (Record no. 34931)
| 000 -GUIDE | |
|---|---|
| Champ de contrôle de longueur fixe | 00730nam a22002057a 4500 |
| 003 - IDENTITÉ DU NUMÉRO DE CONTRÔLE | |
| Champ de contrôle | BI-BuBU |
| 008 - ÉLÉMENTS DE LONGUEUR FIXE - RENSEIGNEMENTS GÉNÉRAUX | |
| Champ de contrôle de longueur fixe | 150907s2013 bd||||dr|||| 00| 0 fre d |
| 037 ## - SOURCE D'ACQUISITION | |
| Source d'acquisition et du numéro d'inventaire | don de l'auteur |
| 039 ## - NIVEAU DE CONTRÔLE BIBLIOGRAPHIQUE ET HISTORIQUE D'ENCODAGE [OBSOLETE] | |
| Date creation | 20150907141959.0 |
| Nom catalographe | Godeberthe Nsengimana |
| 040 ## - SOURCE DU CATALOGAGE | |
| Organisme qui a effectué le catalogage original | BI-BuBU |
| Code de la langue utilisée dans le catalogage | fre |
| Organisme qui a effectué la transcription | BI-BuBU |
| 041 0# - CODE DE LANGUE | |
| Code de langue du texte/de la piste sonore ou du titre distinct | fre |
| 080 ## - INDICE DE LA CLASSIFICATION DÉCIMALE UNIVERSELLE (CDU) | |
| Indice de la Classification décimale universelle | 82-091. |
| 100 1# - VEDETTE PRINCIPALE - NOM DE PERSONNE | |
| Code de relation | aut |
| Nom de personne | Ngorwanubusa,Juvénal |
| 245 10 - MENTION DU TITRE | |
| Titre | Littérature comparée, 2ème licence |
| Mention de responsabilité, etc. | Juvénal Ngogwanubusa |
| 260 ## - PUBLICATION, DIFFUSION, ETC. (ADRESSE BIBLIOGRAPHIQUE) | |
| Lieu de publication, diffusion, etc. | Bujumbura |
| Nom de l'éditeur, diffuseur, etc. | Université du Burundi, faculté des Lettres et sciences Humaines, département de langue et Litterature Françaises |
| Date of publication, distribution, etc | 2013 |
| 300 ## - DESCRIPTION MATÉRIELLE | |
| Collation | 46 f. |
| Dimensions | 29 cm. |
| 650 #7 - VEDETTE-MATIÈRE - NOM COMMUN | |
| Source du terme | BI-BuBU |
| Vedette de sujet ou vedette comportant un nom géographique | Littérature comparée.2ème licence. |
| 9 (RLIN) | 117533 |
| 942 ## - ÉLÉMENTS D'ENTRÉE ADDITIONNELLE (KOHA) | |
| Source de la classification ou du système de rangement | |
| Type d item koha | BOOK |
No items available.